[Event "Moscow op-A 14th"]
[Site "Moscow"]
[Date "2018.01.28"]
[Round "2"]
[White "Demianjuk, Alexander"]
[Black "Faizrakhmanov, Ramil"]
[Result "1/2-1/2"]
[WhiteElo "2333"]
[BlackElo "2423"]
[PlyCount "151"]
[EventDate "2018.01.27"]
[EventType "swiss"]
[EventRounds "9"]
[EventCountry "RUS"]
[SourceTitle "CBM 182 Extra"]
[Source "ChessBase"]
[SourceDate "2018.02.23"]
[SourceVersion "1"]
[SourceVersionDate "2018.02.23"]
[SourceQuality "1"]

1. d4 Nf6 2. c4 g6 3. Nc3 Bg7 4. e4 d6 5. Nf3 0-0 6. Be2 e5 7. 0-0 Nc6 8. d5 Ne7 9. Bd2 Nd7 10. Rc1 f5 11. Ng5 Nc5 12. b4 Nxe4 13. Ncxe4 fxe4 14. g4 Kh8 15. Nxe4 b5 16. Bg5 bxc4 17. Qd2 Qd7 18. f3 Bb7 19. Bxc4 Nc8 20. Qd3 Nb6 21. Bb5 Qf7 22. Bc6 Bxc6 23. Rxc6 Qxd5 24. Qxd5 Nxd5 25. Rd1 Nxb4 26. Rxc7 d5 27. Be7 Rfc8 28. Rxc8+ Rxc8 29. Bxb4 dxe4 30. fxe4 Bh6 31. Rd7 Kg8 32. h4 Be3+ 33. Kg2 Rc2+ 34. Kf3 Bd4 35. a3 Rf2+ 36. Kg3 Re2 37. Rd8+ Kf7 38. Rd7+ Kg8 39. h5 gxh5 40. gxh5 Re3+ 41. Kg4 Rxe4+ 42. Kf5 Rf4+ 43. Ke6 h6 44. Be7 Rf7 45. a4 a5 46. Rd5 Kg7 47. Bh4 Bc3 48. Rd3 Bb4 49. Kxe5 Rc7 50. Bf6+ Kf7 51. Kf5 Rc5+ 52. Be5 Be1 53. Ke4 Bh4 54. Rd7+ Ke8 55. Rd5 Rc4+ 56. Rd4 Rc5 57. Rd5 Rc4+ 58. Kf5 Rxa4 59. Ke6 Re4 60. Rxa5 Re1 61. Ra8+ Bd8 62. Ra7 Bg5 63. Rh7 Rf1 64. Bg7 Re1+ 65. Be5 Rf1 66. Bd6 Rf6+ 67. Ke5 Rf7 68. Rh8+ Kd7 69. Kd5 Rf5+ 70. Ke4 Ra5 71. Be5 Ke6 72. Bd4 Ra4 73. Rb8 Bf6 74. Rb6+ Ke7 75. Rxf6 Rxd4+ 76. Kxd4 1/2-1/2

[Event "Yerevan op 2nd"]
[Site "Yerevan"]
[Date "2017.09.26"]
[Round "8"]
[White "Demianjuk, Alexander"]
[Black "Machkalyan, Haik"]
[Result "0-1"]
[WhiteElo "2330"]
[BlackElo "1890"]
[PlyCount "108"]
[EventDate "2017.09.19"]
[EventType "swiss"]
[EventRounds "9"]
[EventCountry "ARM"]
[SourceTitle "EXT 2018"]
[Source "ChessBase"]
[SourceDate "2017.10.13"]
[SourceVersion "1"]
[SourceVersionDate "2017.10.13"]
[SourceQuality "1"]

1. e4 e6 2. d4 d5 3. Nc3 Bb4 4. e5 c5 5. a3 Bxc3+ 6. bxc3 Ne7 7. Qg4 cxd4 8. Bd3 Qc7 9. Ne2 Nbc6 10. cxd4 h5 11. Qxg7 Rg8 12. Qf6 Nxd4 13. 0-0 Qxe5 14. Qxe5 Nf3+ 15. Kh1 Nxe5 16. Nf4 Nxd3 17. cxd3 h4 18. Bb2 Bd7 19. Rac1 Bc6 20. f3 Nf5 21. Bf6 Kd7 22. Rfe1 Rgc8 23. Re5 a5 24. Rce1 b5 25. d4 Re8 26. Nd3 h3 27. R5e2 Nd6 28. gxh3 Nc4 29. h4 Nxa3 30. h5 b4 31. h6 Bb5 32. Ne5+ Kc7 33. Rg2 b3 34. h7 Nc2 35. Reg1 a4 36. Nxf7 a3 37. Bd8+ Raxd8 38. Nxd8 Rh8 39. Rg7+ Kb6 40. Rb7+ Ka6 41. Re7 Rxd8 42. Rxe6+ Ka5 43. Rg8 b2 44. Rxd8 b1Q+ 45. Kg2 Qf1+ 46. Kg3 Qg1+ 47. Kh3 Bf1+ 48. Kh4 Qxh2+ 49. Kg5 Qxh7 50. Rxd5+ Ka4 51. Rd8 Qg7+ 52. Kf4 Qc7+ 53. Red6 Nb4 54. R8d7 Qxd6+ 0-1

[Event "Yerevan op 2nd"]
[Site "Yerevan"]
[Date "2017.09.23"]
[Round "5"]
[White "Babujian, Levon"]
[Black "Demianjuk, Alexander"]
[Result "1-0"]
[WhiteElo "2458"]
[BlackElo "2330"]
[PlyCount "109"]
[EventDate "2017.09.19"]
[EventType "swiss"]
[EventRounds "9"]
[EventCountry "ARM"]
[SourceTitle "CBM 180 Extra"]
[Source "ChessBase"]
[SourceDate "2017.10.06"]
[SourceVersion "1"]
[SourceVersionDate "2017.10.06"]
[SourceQuality "1"]

1. c4 g6 2. Nc3 c5 3. h4 Nc6 4. h5 Bg7 5. Nf3 d6 6. d3 a6 7. h6 Bf8 8. g3 Bd7 9. Bg2 Rb8 10. d4 cxd4 11. Nxd4 Ne5 12. Nb3 Bc6 13. Bxc6+ Nxc6 14. Bg5 Qd7 15. c5 f6 16. Be3 e6 17. cxd6 Qxd6 18. Qxd6 Bxd6 19. 0-0-0 Be7 20. Ne4 f5 21. Nd6+ Bxd6 22. Rxd6 Nge7 23. Nc5 e5 24. Rhd1 Kf7 25. Kb1 Rhe8 26. Bg5 e4 27. Bf4 Rbd8 28. Nxb7 Ra8 29. Rd7 Kg8 30. R1d6 Rac8 31. Rd1 Ra8 32. Rc1 Ra7 33. Be3 Raa8 34. Bg5 Ra7 35. Rc7 Rb8 36. Bxe7 Nxe7 37. Rxe7 Raxb7 38. Rc8+ Rxc8 39. Rxb7 Rc6 40. Rg7+ Kh8 41. a4 Rd6 42. Kc2 Rc6+ 43. Kd2 Rd6+ 44. Kc3 Rc6+ 45. Kd4 e3 46. Kxe3 Rb6 47. Ra7 Kg8 48. a5 Rb3+ 49. Kf4 Rxb2 50. Kg5 Rxe2 51. Kf6 Re8 52. Rxa6 Kf8 53. Ra7 Rc8 54. Rxh7 Rc6+ 55. Kg5 1-0